[Event "Saint Denis op"]
[Site "Saint Denis"]
[Date "2022.10.13"]
[Round "1"]
[White "Gauthier, Keanu"]
[Black "Sawmynaden, Vicken"]
[Result "0-1"]
[WhiteElo "1099"]
[BlackElo "1644"]
[PlyCount "74"]
[EventDate "2022.10.13"]
[EventType "swiss"]
[EventRounds "9"]
[EventCountry "RUF"]
[SourceTitle "EXT 2024"]
[Source "ChessBase"]
[SourceDate "2023.10.10"]
[SourceVersion "1"]
[SourceVersionDate "2023.10.10"]
[SourceQuality "1"]

1. d4 d5 2. c4 e6 3. Nc3 Nf6 4. Nf3 Nc6 5. e3 Bb4 6. Bd2 Bd7 7. a3 Bxc3 8. Bxc3 Ne4 9. Qc2 Nxc3 10. Qxc3 Qf6 11. Bd3 0-0 12. Qc2 h6 13. 0-0 Rac8 14. b3 dxc4 15. bxc4 e5 16. d5 Nb8 17. Rad1 Rfe8 18. Be4 Na6 19. c5 b6 20. c6 Bg4 21. h3 Bh5 22. g4 Bg6 23. Bxg6 Qxf3 24. Bf5 Rcd8 25. Bd7 Qxh3 26. Bxe8 Qxg4+ 27. Kh1 Rxe8 28. d6 Qh3+ 29. Kg1 Qg4+ 30. Kh1 cxd6 31. Rxd6 Nc5 32. c7 Qc8 33. Rc6 Re7 34. Rd1 Rxc7 35. Rxc7 Qxc7 36. Qd2 Ne6 37. Rc1 Qb7+ 0-1